[Event "Stay Safe Play From Home 297"]
[Site "Emanuel Lasker Arena"]
[Date "2020.07.14"]
[Round "9"]
[White "Fischer_11"]
[Black "NeatFox"]
[Result "1-0"]
[WhiteElo "2062"]
[BlackElo "1826"]
[Annotator "NA"]
[PlyCount "109"]
[EventDate "2020.07.14"]
[EventType "swiss (blitz)"]

1. e4 {[%emt 0:00:01]} e5 {[%emt 0:00:01]} 2. Nc3 {[%emt 0:00:01]} Nc6 {[%emt 0:00:01]} 3. Bc4 {[%emt 0:00:01]} d6 {[%emt 0:00:00]} 4. d3 {[%emt 0:00:01]} Be6 {[%emt 0:00:00]} 5. Bb3 {[%emt 0:00:03]} Bxb3 {[%emt 0:00:01]} 6. axb3 {[%emt 0:00:00]} Nf6 {[%emt 0:00:02]} 7. f4 {[%emt 0:00:00]} Be7 {[%emt 0:00:00]} 8. Nf3 {[%emt 0:00:00]} exf4 {[%emt 0:00:01]} 9. O-O {[%emt 0:00:01]} h6 {[%emt 0:00:01]} 10. Bxf4 {[%emt 0:00:00]} g5 {[%emt 0:00:00]} 11. Nxg5 {[%emt 0:00:02]} hxg5 {[%emt 0:00:01]} 12. Bxg5 {[%emt 0:00:00]} Rg8 {[%emt 0:00:01]} 13. Bh4 {[%emt 0:00:01]} Nd7 {[%emt 0:00:03]} 14. Qf3 {[%emt 0:00:04]} f6 {[%emt 0:00:02]} 15. Nd5 {[%emt 0:00:03]} Nde5 {[%emt 0:00:01]} 16. Qf2 {[%emt 0:00:01]} Qd7 {[%emt 0:00:07]} 17. Bxf6 {[%emt 0:00:02]} O-O-O {[%emt 0:00:01]} 18. Bxe7 {[%emt 0:00:01]} Nxe7 {[%emt 0:00:01]} 19. Qxa7 {[%emt 0:00:01]} Qc6 {[%emt 0:00:03]} 20. Nxe7+ {[%emt 0:00:02]} Kd7 {[%emt 0:00:02]} 21. Nxc6 {[%emt 0:00:00]} Nxc6 {[%emt 0:00:00]} 22. Qa4 {[%emt 0:00:02]} Rg7 {[%emt 0:00:03]} 23. Qc4 {[%emt 0:00:01]} Rdg8 {[%emt 0:00:01]} 24. Rf7+ {[%emt 0:00:01]} Kc8 {[%emt 0:00:02]} 25. Rxg7 {[%emt 0:00:01]} Rxg7 {[%emt 0:00:00]} 26. Qe6+ {[%emt 0:00:01]} Kd8 {[%emt 0:00:01]} 27. Qf6+ {[%emt 0:00:01]} Re7 {[%emt 0:00:01]} 28. Ra8+ {[%emt 0:00:01]} Kd7 {[%emt 0:00:00]} 29. Ra7 {[%emt 0:00:02]} Nxa7 {[%emt 0:00:01]} 30. Qf5+ {[%emt 0:00:01]} Kd8 {[%emt 0:00:01]} 31. h3 {[%emt 0:00:00]} Nc6 {[%emt 0:00:01]} 32. g3 {[%emt 0:00:00]} Ne5 {[%emt 0:00:00]} 33. g4 {[%emt 0:00:02]} Rf7 {[%emt 0:00:00]} 34. Qxf7 {[%emt 0:00:02]} Nxf7 {[%emt 0:00:01]} 35. Kg2 {[%emt 0:00:00]} Ke7 {[%emt 0:00:00]} 36. Kg3 {[%emt 0:00:00]} Kf6 {[%emt 0:00:00]} 37. h4 {[%emt 0:00:00]} Ke5 {[%emt 0:00:01]} 38. g5 {[%emt 0:00:00]} Nd8 {[%emt 0:00:02]} 39. Kg4 {[%emt 0:00:00]} Ne6 {[%emt 0:00:00]} 40. h5 {[%emt 0:00:01]} Nf4 {[%emt 0:00:01]} 41. h6 {[%emt 0:00:01]} Ne6 {[%emt 0:00:02]} 42. g6 {[%emt 0:00:02]} Kf6 {[%emt 0:00:02]} 43. g7 {[%emt 0:00:01]} Nxg7 {[%emt 0:00:02]} 44. hxg7 {[%emt 0:00:01]} Kxg7 {[%emt 0:00:00]} 45. Kf5 {[%emt 0:00:00]} Kf7 {[%emt 0:00:00]} 46. e5 {[%emt 0:00:00]} Ke7 {[%emt 0:00:00]} 47. e6 {[%emt 0:00:01]} c6 {[%emt 0:00:01]} 48. d4 {[%emt 0:00:00]} d5 {[%emt 0:00:01]} 49. c4 {[%emt 0:00:00]} b6 {[%emt 0:00:01]} 50. c5 {[%emt 0:00:01]} b5 {[%emt 0:00:01]} 51. b4 {[%emt 0:00:01]} Ke8 {[%emt 0:00:01]} 52. Ke5 {[%emt 0:00:00]} Ke7 {[%emt 0:00:00]} 53. Kf5 {[%emt 0:00:00]} Ke8 {[%emt 0:00:01]} 54. Kf6 {[%emt 0:00:00]} Kf8 {[%emt 0:00:00]} 55. b3 {[%emt 0:00:02] Zeit (Lag: Av=0.50s, max=1.0s)} 1-0

[Event "Stay Safe Play From Home 297"]
[Site "Emanuel Lasker Arena"]
[Date "2020.07.14"]
[Round "9"]
[White "Bardellosport"]
[Black "Uber_WING"]
[Result "0-1"]
[WhiteElo "2041"]
[BlackElo "2428"]
[Annotator "TA"]
[PlyCount "114"]
[EventDate "2020.07.14"]
[EventType "swiss (blitz)"]

{[%evp 9,113,-33,1,-3,22,22,37,39,39,42,67,41,58,52,711,69,634,66,102,105,89,0,50,22,75,-1,0,14,134,82,433,211,385,388,1085,301,331,113,266,-12,402,388,333,-84,-86,-1033,-1027,-1013,-1000,-1093,-1094,-1094,-1094,-1094,-1089,-29999,-1141,-29987,-1152,-914,-914,-2400,-2306,-29976,-12811,-29992,-29993,-29993,-29994,-29994,-29992,-29996,-29995,-29995,-29996,-29998,-29995,-29995,-29995,-29995,-29991,-29991,-29991,-29992,-29992,-29993,-29993,-29994,-29992,-29996,-29993,-29996,-29995,-29995,-29995,-29995,-29996,-29996,-29997,-29997,-29998,-29998,-29998,-29998,-29999,-29999]} 1. d4 e5 2. e3 exd4 3. exd4 d5 4. c3 Bf5 {[#]} 5. f4 $146 ({Predecessor:} 5. Bd3 Bxd3 6. Qxd3 Bd6 7. Nf3 Nf6 8. O-O O-O 9. Bg5 Nbd7 10. Nbd2 c6 11. Rfe1 Qc7 12. Bxf6 Nxf6 {0-1 (52) Bonelli Maestracci,P (1545)-Martinez,F (1867) Europe Chess INT 2020}) 5... h5 6. Nf3 {C01: French: Exchange Variation.} h4 7. Bd3 Bxd3 8. Qxd3 {White is slightly better.} Nc6 9. O-O Be7 10. Ne5 Qd6 11. Nd2 O-O-O $2 {[%mdl 8192]} (11... h3 $14) 12. Ndf3 $2 (12. Nxf7 $18 Qf6 13. Nxh8) 12... h3 $2 {[%mdl 8192]} (12... Nxe5 $14 13. fxe5 Qe6) 13. g3 $2 (13. Nxf7 $18 Qe6 14. Nxh8) 13... Nh6 14. Ng5 Rdf8 15. Ngf3 ({White should play} 15. Nxh3 $16 Kb8 16. Nf2) 15... Rhg8 16. Be3 Nd8 (16... f6 $11 17. Ng6 Re8) 17. c4 (17. f5 $16) 17... dxc4 18. Qxc4 c6 (18... f6 $1 $11 {keeps the balance.}) 19. Qa4 (19. d5 $142 Qxd5 20. Qxd5 (20. Bxa7 Qxc4 21. Nxc4 Ne6 $14) 20... cxd5 21. Bxa7) 19... a6 $2 {[%mdl 8192]} (19... f6 $16 {is more resistant.}) 20. Rac1 (20. Nc4 $142 Qb4 21. Qc2) 20... f6 $2 (20... Nf5) 21. Nc4 $18 Qe6 $2 {[#]} (21... Qb4 22. Qxb4 Bxb4 23. Nb6+ Kb8) 22. Rfe1 $2 (22. d5 $1 {[%mdl 512]} Qg4 (22... cxd5 23. Nb6+) 23. Ba7) 22... Kb8 23. Qb3 $2 ({Much less strong is} 23. f5 Qd5 $18) (23. Nb6 $18 {and White stays clearly on top.}) 23... Qd5 $2 {[#]} (23... Nf5 $16 {was called for.}) 24. Bd2 $2 ({White must play} 24. f5 $1 $18 {[%mdl 512]} Nxf5 (24... Qxf5 25. Bf4+) 25. Bf4+ Ka7 26. Qb6+ Ka8 27. Qc7) 24... Bd6 $2 {[%mdl 8192]} (24... Nf5 $11 {and Black stays safe.} 25. Nb6 Qxb3 26. axb3 Re8) 25. Nxd6 Qxd6 26. Qe3 $2 (26. Bb4 $18 Qd5 27. Qxd5 cxd5 28. Bd6+ Ka7 29. Bc5+ Kb8 30. Bxf8 Rxf8 31. Rc5) 26... Re8 $36 {[%mdl 2048] Black is on the roll.} 27. Qe2 $2 {[%mdl 8192]} (27. Qb3 $17) 27... Rxe2 $19 28. Rxe2 Nf5 29. Kf2 Nxd4 30. Nxd4 Qxd4+ {[%mdl 64] Double Attack} 31. Be3 Qd5 32. Rce1 Ne6 (32... Qg2# $142) 33. Kf1 Nd4 (33... Qh1+ $142 34. Bg1 Nd4 35. Rf2 {[#]} Nf3 $1 {[%mdl 576] Double Attack} 36. Re5 Qxg1+ 37. Ke2 Nd4+ 38. Kd3 Qxf2 39. Rc5 Rd8 40. Kc4 Qc2+ 41. Kb4 Qxb2+ {[%mdl 64] Double Attack} 42. Ka5 b6+ {[%mdl 64] Double Attack} 43. Kxa6 Qxa2+ 44. Kxb6 Qa7#) 34. Bxd4 Qxd4 35. Rf2 Rd8 36. g4 Qd5 {( -> ...Qh1+)} 37. g5 Qh1+ {Black mates.} 38. Ke2 Re8+ 39. Kd2 Rxe1 40. Kd3 Rd1+ 41. Kc3 {[#]} Qd5 $1 {[%mdl 64] Double Attack} 42. Rc2 Qd4+ 43. Kb3 Rd3+ 44. Rc3 Rxc3+ 45. bxc3 Qe4 46. gxf6 gxf6 47. f5 Qf4 48. c4 Qxf5 49. Kb4 Qe5 50. a4 Qxh2 51. c5 Qc7 52. Kc4 h2 53. Kd4 h1=Q 54. Ke3 Qe5+ {[%mdl 64] Double Attack} 55. Kd3 Qhd5+ 56. Kc2 Qe2+ 57. Kc3 Qdc4# {Accuracy: White = 26%, Black = 21%.} 0-1

[Event "Stay Safe Play From Home 297"]
[Site "Emanuel Lasker Arena"]
[Date "2020.07.14"]
[Round "9"]
[White "Sfantul321"]
[Black "NTBT_DHS"]
[Result "0-1"]
[WhiteElo "1976"]
[BlackElo "2275"]
[Annotator "NA"]
[PlyCount "94"]
[EventDate "2020.07.14"]
[EventType "swiss (blitz)"]

1. c4 {[%emt 0:00:00]} g6 {[%emt 0:00:01]} 2. Nc3 {[%emt 0:00:00]} Bg7 {[%emt 0:00:01]} 3. g3 {[%emt 0:00:00]} Nf6 {[%emt 0:00:00]} 4. Bg2 {[%emt 0:00:00]} O-O {[%emt 0:00:00]} 5. e3 {[%emt 0:00:00]} c6 {[%emt 0:00:00]} 6. Nge2 {[%emt 0:00:00]} d5 {[%emt 0:00:00]} 7. O-O {[%emt 0:00:00]} dxc4 {[%emt 0:00:00]} 8. d4 {[%emt 0:00:01]} cxd3 {[%emt 0:00:01]} 9. Nf4 {[%emt 0:00:00]} Bf5 {[%emt 0:00:01]} 10. e4 {[%emt 0:00:01]} Bg4 {[%emt 0:00:00]} 11. f3 {[%emt 0:00:01]} Bc8 {[%emt 0:00:01]} 12. Nxd3 {[%emt 0:00:00]} Na6 {[%emt 0:00:01]} 13. Be3 {[%emt 0:00:01]} Be6 {[%emt 0:00:00]} 14. Nf4 {[%emt 0:00:02]} Bc4 {[%emt 0:00:00]} 15. Re1 {[%emt 0:00:01]} Nd7 {[%emt 0:00:01]} 16. Qc2 {[%emt 0:00:01]} Ne5 {[%emt 0:00:01]} 17. a3 {[%emt 0:00:01]} Bd3 {[%emt 0:00:04]} 18. Nxd3 {[%emt 0:00:01]} Qxd3 {[%emt 0:00:00]} 19. Qxd3 {[%emt 0:00:01]} Nxd3 {[%emt 0:00:00]} 20. Re2 {[%emt 0:00:00]} Nxb2 {[%emt 0:00:01]} 21. Rxb2 {[%emt 0:00:01]} Bxc3 {[%emt 0:00:01]} 22. Rab1 {[%emt 0:00:00]} Bxb2 {[%emt 0:00:00]} 23. Rxb2 {[%emt 0:00:01]} b5 {[%emt 0:00:01]} 24. Rc2 {[%emt 0:00:01]} Rfc8 {[%emt 0:00:01]} 25. f4 {[%emt 0:00:01]} c5 {[%emt 0:00:01]} 26. e5 {[%emt 0:00:01]} Rab8 {[%emt 0:00:00]} 27. Bf1 {[%emt 0:00:01]} c4 {[%emt 0:00:01]} 28. a4 {[%emt 0:00:03]} bxa4 {[%emt 0:00:01]} 29. Bxc4 {[%emt 0:00:02]} Nb4 {[%emt 0:00:01]} 30. Rc1 {[%emt 0:00:01]} a3 {[%emt 0:00:00]} 31. Bxa7 {[%emt 0:00:02]} Ra8 {[%emt 0:00:02]} 32. Bd4 {[%emt 0:00:02]} a2 {[%emt 0:00:01]} 33. Ba1 {[%emt 0:00:01]} e6 {[%emt 0:00:00]} 34. Kf2 {[%emt 0:00:01]} Nd3+ {[%emt 0:00:02]} 35. Bxd3 {[%emt 0:00:03]} Rxc1 {[%emt 0:00:00]} 36. Bb2 {[%emt 0:00:01]} a1=Q {[%emt 0:00:01]} 37. Bxa1 {[%emt 0:00:01]} Rcxa1 {[%emt 0:00:00]} 38. Ke3 {[%emt 0:00:01]} R8a3 {[%emt 0:00:00]} 39. g4 {[%emt 0:00:00]} Rd1 {[%emt 0:00:01]} 40. Ke2 {[%emt 0:00:01]} Rdxd3 {[%emt 0:00:00]} 41. f5 {[%emt 0:00:00]} Rdb3 {[%emt 0:00:01]} 42. Kd2 {[%emt 0:00:01]} Rb2+ {[%emt 0:00:00]} 43. Kc1 {[%emt 0:00:00]} Raa2 {[%emt 0:00:00]} 44. fxg6 {[%emt 0:00:01]} Rxh2 {[%emt 0:00:00]} 45. gxf7+ {[%emt 0:00:01]} Kxf7 {[%emt 0:00:00]} 46. Kb1 {[%emt 0:00:01]} Rag2 {[%emt 0:00:00]} 47. g5 {[%emt 0:00:00]} Rg1# {[%emt 0:00:00] (Lag: Av=0.54s, max=1.1s)} 0-1

[Event "Stay Safe Play From Home 297"]
[Site "Emanuel Lasker Arena"]
[Date "2020.07.14"]
[Round "9"]
[White "Klasman"]
[Black "TheCHESSHOUSE"]
[Result "0-1"]
[WhiteElo "1322"]
[BlackElo "1966"]
[Annotator "TA"]
[PlyCount "50"]
[EventDate "2020.07.14"]
[EventType "swiss (blitz)"]

{[%evp 9,50,-20,-20,-18,25,18,17,17,23,0,0,0,0,-10,0,-38,8,-589,-16,-16,-16,-22,-7,-40,-26,-181,-108,-107,34,0,15,0,127,0,39,37,163,-1319,-1310,-1118,-158,-139,-149]} 1. f4 d5 2. Nf3 Nf6 3. e3 g6 4. c4 Bg7 5. cxd5 Nxd5 6. Nc3 {A03: Bird's Opening with 1...d5.} Nxc3 (6... O-O {feels hotter.} 7. Bc4 Nb6 8. Be2 c5 9. O-O Nc6) 7. bxc3 O-O {[#]} 8. d4 $146 {The position is equal.} ({Predecessor:} 8. Bc4 Nc6 9. O-O Bf5 10. Qe2 Na5 11. e4 Nxc4 12. Qxc4 Be6 13. Qe2 c5 14. Ng5 {0-1 (35) Moeller,H (1729)-Henschen,D (1624) Germany 2016}) 8... c5 9. Bb2 e6 10. Bd3 Nc6 11. Ne5 Nxe5 12. fxe5 b6 13. Be4 $2 {[%mdl 8192] [#]} (13. Qf3 $11 Rb8 14. Qg3) 13... Rb8 $2 (13... Qh4+ $19 14. Kd2 Qxe4) 14. O-O $11 Ba6 15. Rf2 Qg5 16. Qf3 Rbd8 17. g4 $2 {[#]} (17. Qh3 $11 {and White is okay.}) 17... Bh6 (17... f5 $19 18. h4 Qxg4+ 19. Qxg4 fxg4) 18. Re1 $17 cxd4 (18... Qh4 $17 19. Ba3 Qe7) 19. exd4 Qe7 20. h4 b5 (20... Qxh4 $11 21. Ba3 Bd2) 21. h5 (21. g5 $16 Bg7 22. Qe2) 21... b4 22. cxb4 {Hoping for b5.} Qxb4 ({Black should try} 22... Bb5 $1 $14) 23. Ba3 $4 {[%mdl 8192]} (23. Rd1 $18) 23... Qxe1+ $19 24. Kg2 Bf1+ $2 (24... Be3 $19 {and Black stays clearly on top.} 25. Bb4 Qxb4 26. Qxe3 Rxd4) 25. Rxf1 $17 Qd2+ {[%mdl 64] Double Attack. Accuracy: White = 48%, Black = 41%.} 0-1